000 00561nam a2200193Ia 4500
003 GCL
008 140319s9999 xx 000 0 ara d
040 _aGCL /
_cGCL
082 0 4 _a199.52
_bك ف
100 1 _aكوزلزفسكى , يورى
245 1 0 _aالفلسفة اليابانية المعاصرة /
_cكوزلزفسكى , يورى
700 1 _aخلف محمد الحداد
300 _a240 ص
490 _a
650 0 4 _aالفلسفة
650 0 4 _aالفلسفة الحديثة
650 0 4 _aالفلسفة الغربية
942 _2ddc
_cBK
999 _c41645
_d41645